Szczegóły MARC21

Wychowanie fizyczne w edukacji wczesnoszkolnej /

003 -Nazwa inst., której nr kontr. jest w polu 001 [,]
    • @
    • Nazwa instytucji, której n kontrolny jest w polu 001
    • NUKAT
005 -DATA I CZAS OSTATNIEJ MODYFIKACJI [,]
    • @
    • pole kontrolne
    • 20241231104539.0
020 -Międzynarod. znormalizowany nr książki - ISBN [ , ]
    • a
    • Numer ISBN
    • 9788389560568 Find
040 -Instytucja sporządzająca opis [ , ]
    • a
    • Instytucja, która sporządziła opis (NP)
    • KR U/BU
    • c
    • Instytucja, która sporządziła rekord (NP)
    • KR U/BU
    • d
    • Instytucja, która zmodyfikowała rekord (P)
    • KR U/BUs
942 -Rodzaj dokumentu [ , ]
    • c
    • Rodzaj dokumentu
    • Książka
245 -Strefa tytułu i oznaczenia odpowiedzialności [0,0]
    • a
    • Tytuł
    • Wychowanie fizyczne w edukacji wczesnoszkolnej / Find
    • c
    • Pozostałe elementy strefy tytułu i oznaczenia odpowiedzialności (NP)
    • pod red. Leonarda Nowaka i Anatola Skrypko ; Wojewódzki Ośrodek Metodyczny w Gorzowie Wielkopolskim, Akademia Wychowania Fizycznego w Poznaniu. Zamiejscowy Wydział Kultury Fizycznej w Gorzowie Wielkopolskim.
260 -Strefa adresu wydawniczego [ , ]
    • a
    • Miejsce wydania (P)
    • Gorzów Wielkopolski :
    • b
    • Nazwa wydawcy (P)
    • Wojewódzki Ośrodek Metodyczny,
    • c
    • Data wydania (P)
    • 2014.
300 -Strefa opisu fizycznego [ , ]
    • a
    • Określenie formy książki i/lub objętość (NP)
    • 224 s. :
    • b
    • Oznaczenie ilustracji (NP)
    • il. ;
    • c
    • Format (NP)
    • 25 cm.
336 -Typ zawartości [ , ]
    • a
    • Termin opisujący typ zawartości
    • Tekst
    • b
    • Kod określający zawartość
    • txt
    • 2
    • Źródło (terminu i kodu)
    • rdacontent
337 -Typ mediów [ , ]
    • a
    • Tryb odtwarzania
    • Bez urządzenia pośredniczącego
    • b
    • Kod typu mediów
    • n
    • 2
    • Źródło (terminu i kodu)
    • rdamedia
338 -Typ/rodzaj nośnika [ , ]
    • a
    • Hasło opisujące typ nośnika
    • Wolumin
    • b
    • Kod typu nośnika
    • nc
    • 2
    • Źródło (terminu i kodu)
    • rdacarrier
504 -Uwaga dot. bibliogr. załącznikowej [ , ]
    • a
    • Uwaga dot. bibliografii załącznikowej
    • Bibliogr. przy pracach.
650 -Hasło przedmiotowe [ ,7]
    • a
    • Hasło przedmiotowe
    • Wychowanie fizyczne
    • x
    • Określnik rzeczowy
    • studia i nauczanie (początkowe).
    • 2
    • Źródło terminu
    • kaba
    • 9
    • KHW
    • 354242
700 -Hasło dodatkowe - nazwa osobowa [1, ]
    • a
    • Nazwa osobowa (NP)
    • Skrypko, Anatol. Find
    • 9
    • KHW
    • 23578
700 -Hasło dodatkowe - nazwa osobowa [1, ]
    • a
    • Nazwa osobowa (NP)
    • Nowak, Leonard Find
    • d
    • Daty biograficzne (NP)
    • (1948- ).
    • 9
    • KHW
    • 77854
710 -Hasło dodatkowe - nazwa ciała zbiorowego [2, ]
    • a
    • Nazwa ciała zbiorowego lub nazwa geograficzna jako pierwszy element (NP)
    • Wojewódzki Ośrodek Metodyczny (Gorzów Wielkopolski).
    • 4
    • Kod relacji
    • pbl
    • 9
    • KHW
    • 50783
920 -ISBN [ , ]
    • a
    • ISBN
    • 978-83-89560-56-8 Find
Sygnatura Numer inwentarzowy Status udost. Data inwentaryzacji Lokalizacja
 Z.12177912016-04-25BG
WF - metodyka 16WF.992912016-04-25BM
 WF.9695-32015-05-28BM